<?xml version="1.0" encoding="UTF-8"?>
<record
    xmlns:xsi="http://www.w3.org/2001/XMLSchema-instance"
    xsi:schemaLocation="http://www.loc.gov/MARC21/slim http://www.loc.gov/standards/marcxml/schema/MARC21slim.xsd"
    xmlns="http://www.loc.gov/MARC21/slim">

  <leader>00774nam a22001577a 4500</leader>
  <controlfield tag="003">OSt</controlfield>
  <controlfield tag="005">20150928165813.0</controlfield>
  <controlfield tag="008">150928b        xxu||||| |||| 00| 0 eng d</controlfield>
  <datafield tag="040" ind1=" " ind2=" ">
    <subfield code="c">RUA</subfield>
  </datafield>
  <datafield tag="082" ind1=" " ind2=" ">
    <subfield code="a">ATM.Sp SOE 2003 B059 Or.1</subfield>
  </datafield>
  <datafield tag="100" ind1=" " ind2=" ">
    <subfield code="9">1512</subfield>
    <subfield code="a">SOEUNG, SANGEM.</subfield>
  </datafield>
  <datafield tag="245" ind1=" " ind2=" ">
    <subfield code="a">Bacterial sport damage on tomato yield in wet season 2002 at kbal koh vegetable research station, &#x1780;&#x17B6;&#x179A;&#x1794;&#x17C6;&#x1795;&#x17D2;&#x179B;&#x17B6;&#x1789;&#x178A;&#x17C4;&#x1799;&#x1787;&#x17C6;&#x1784;&#x17BA;&#x1794;&#x17B6;&#x178F;&#x17CB;&#x178F;&#x17C1;&#x179A;&#x17B8;&#x1794;&#x17D2;&#x179A;&#x1787;&#x17D2;&#x179A;&#x17BB;&#x1799;&#x179B;&#x17BE;&#x1791;&#x17B7;&#x1793;&#x17D2;&#x1793;&#x1795;&#x179B;&#x1794;&#x17C9;&#x17C1;&#x1784;&#x1794;&#x17C9;&#x17C4;&#x17C7;&#x1793;&#x17C5;&#x179F;&#x17D2;&#x1790;&#x17B6;&#x1793;&#x17B8;&#x1799;&#x17CD;&#x1796;&#x17B7;&#x179F;&#x17C4;&#x1792;&#x1793;&#x17CD;&#x1796;&#x17BC;&#x1787;&#x1794;&#x1793;&#x17D2;&#x179B;&#x17C2;&#x1780;&#x17D2;&#x1794;&#x17B6;&#x179B;&#x1780;&#x17C4;&#x17C7;&#x1793;&#x17B6;&#x179A;&#x178A;&#x17BC;&#x179C;&#x179C;&#x179F;&#x17D2;&#x179F;&#x17B6;&#x1786;&#x17D2;&#x1793;&#x17B6;&#x17C6;&#x17E2;&#x17E0;&#x17E0;&#x17E2;</subfield>
  </datafield>
  <datafield tag="260" ind1=" " ind2=" ">
    <subfield code="a">Phnom Penh</subfield>
    <subfield code="b">RUA</subfield>
    <subfield code="c">2003</subfield>
  </datafield>
  <datafield tag="300" ind1=" " ind2=" ">
    <subfield code="a">54p.</subfield>
    <subfield code="b">ill.</subfield>
    <subfield code="c">29cm.</subfield>
  </datafield>
  <datafield tag="942" ind1=" " ind2=" ">
    <subfield code="2">ddc</subfield>
    <subfield code="c">ATMSP</subfield>
  </datafield>
  <datafield tag="999" ind1=" " ind2=" ">
    <subfield code="c">1421</subfield>
    <subfield code="d">1421</subfield>
  </datafield>
  <datafield tag="952" ind1=" " ind2=" ">
    <subfield code="0">0</subfield>
    <subfield code="1">0</subfield>
    <subfield code="2">ddc</subfield>
    <subfield code="4">0</subfield>
    <subfield code="6">ATM__SP_SOE_2003_000000000000000_B059_OR_1</subfield>
    <subfield code="7">0</subfield>
    <subfield code="9">6221</subfield>
    <subfield code="a">LBB</subfield>
    <subfield code="b">LBB</subfield>
    <subfield code="c">B059</subfield>
    <subfield code="d">2015-09-28</subfield>
    <subfield code="l">4</subfield>
    <subfield code="o">ATM.Sp SOE 2003 B059 Or.1</subfield>
    <subfield code="p">RUA018631</subfield>
    <subfield code="r">2019-07-19</subfield>
    <subfield code="s">2019-07-12</subfield>
    <subfield code="w">2015-09-28</subfield>
    <subfield code="y">ATMSP</subfield>
  </datafield>
  <datafield tag="952" ind1=" " ind2=" ">
    <subfield code="0">0</subfield>
    <subfield code="1">0</subfield>
    <subfield code="2">ddc</subfield>
    <subfield code="4">0</subfield>
    <subfield code="6">ATM__SP_SOE_2003_000000000000000_B059_OR_2</subfield>
    <subfield code="7">0</subfield>
    <subfield code="9">13845</subfield>
    <subfield code="a">LBB</subfield>
    <subfield code="b">LBB</subfield>
    <subfield code="c">B059</subfield>
    <subfield code="d">2015-10-28</subfield>
    <subfield code="l">1</subfield>
    <subfield code="o">ATM.Sp SOE 2003 B059 Or.2</subfield>
    <subfield code="p">RUA001465</subfield>
    <subfield code="r">2023-11-14</subfield>
    <subfield code="s">2023-11-01</subfield>
    <subfield code="w">2015-10-28</subfield>
    <subfield code="y">ATMSP</subfield>
  </datafield>
  <datafield tag="952" ind1=" " ind2=" ">
    <subfield code="0">0</subfield>
    <subfield code="1">0</subfield>
    <subfield code="2">ddc</subfield>
    <subfield code="4">0</subfield>
    <subfield code="6">ATM__SP_SOE_2003_000000000000000_B059_OR_3</subfield>
    <subfield code="7">0</subfield>
    <subfield code="9">13846</subfield>
    <subfield code="a">LBB</subfield>
    <subfield code="b">LBB</subfield>
    <subfield code="c">B059</subfield>
    <subfield code="d">2015-10-28</subfield>
    <subfield code="o">ATM.Sp SOE 2003 B059 Or.3</subfield>
    <subfield code="p">RUA001322</subfield>
    <subfield code="r">2015-10-28</subfield>
    <subfield code="w">2015-10-28</subfield>
    <subfield code="y">ATMSP</subfield>
  </datafield>
  <datafield tag="952" ind1=" " ind2=" ">
    <subfield code="0">0</subfield>
    <subfield code="1">0</subfield>
    <subfield code="2">ddc</subfield>
    <subfield code="4">0</subfield>
    <subfield code="6">ATM__SP_SOE_2003_000000000000000_B059_OR_4</subfield>
    <subfield code="7">0</subfield>
    <subfield code="9">13847</subfield>
    <subfield code="a">LBB</subfield>
    <subfield code="b">LBB</subfield>
    <subfield code="c">B059</subfield>
    <subfield code="d">2015-10-28</subfield>
    <subfield code="o">ATM.Sp SOE 2003 B059 Or.4</subfield>
    <subfield code="p">RUA001524</subfield>
    <subfield code="r">2015-10-28</subfield>
    <subfield code="w">2015-10-28</subfield>
    <subfield code="y">ATMSP</subfield>
  </datafield>
  <datafield tag="952" ind1=" " ind2=" ">
    <subfield code="0">0</subfield>
    <subfield code="1">0</subfield>
    <subfield code="2">ddc</subfield>
    <subfield code="4">0</subfield>
    <subfield code="6">ATM__SP_SOE_2003_000000000000000_B059_OR_5</subfield>
    <subfield code="7">0</subfield>
    <subfield code="9">13848</subfield>
    <subfield code="a">LBB</subfield>
    <subfield code="b">LBB</subfield>
    <subfield code="c">B059</subfield>
    <subfield code="d">2015-10-28</subfield>
    <subfield code="o">ATM.Sp SOE 2003 B059 Or.5</subfield>
    <subfield code="p">RUA001255</subfield>
    <subfield code="r">2015-10-28</subfield>
    <subfield code="w">2015-10-28</subfield>
    <subfield code="y">ATMSP</subfield>
  </datafield>
  <datafield tag="952" ind1=" " ind2=" ">
    <subfield code="0">0</subfield>
    <subfield code="1">0</subfield>
    <subfield code="2">ddc</subfield>
    <subfield code="4">0</subfield>
    <subfield code="6">ATM__SP_SOE_2003_000000000000000_B059_OR_7</subfield>
    <subfield code="7">0</subfield>
    <subfield code="9">13849</subfield>
    <subfield code="a">LBB</subfield>
    <subfield code="b">LBB</subfield>
    <subfield code="c">B059</subfield>
    <subfield code="d">2015-10-28</subfield>
    <subfield code="o">ATM.Sp SOE 2003 B059 Or.7</subfield>
    <subfield code="p">RUA001183</subfield>
    <subfield code="r">2015-10-28</subfield>
    <subfield code="w">2015-10-28</subfield>
    <subfield code="y">ATMSP</subfield>
  </datafield>
</record>
